[Event "FICGS class B 000119 email"]
[Site "FICGS email"]
[Date "2010.08.13"]
[Round "1"]
[White "Lim, Steve"]
[Black "Trajkov, Ivan"]
[Result "1-0"]
[WhiteElo "1800"]
[BlackElo "1883"]
[PlyCount "35"]
[EventDate "2010.??.??"]
[EventType "tourn (corr)"]
[EventRounds "6"]
[SourceTitle "Corr 2022"]
[Source "ChessBase"]
[SourceDate "2021.10.24"]
[SourceVersion "1"]
[SourceVersionDate "2021.10.24"]
[SourceQuality "1"]

1. d4 d5 2. c4 c6 3. Nc3 Nf6 4. e3 e6 5. Bd3 Nbd7 6. Nf3 dxc4 7. Bxc4 b5 8. Bd3 Bb7 9. e4 b4 10. Na4 c5 11. e5 Nd5 12. 0-0 cxd4 13. Re1 g6 14. Bg5 Qa5 15. Nxd4 a6 16. a3 bxa3 17. bxa3 Bg7 18. Bd2 1-0